00574nam a22002057a 450000500170000001000130001702000100003003500130004003700160005304000120006908200130008110000190009424500540011326000410016727000500020830000240025850000320028265000200031465000340033420170124105913.0 aA-169428 c00.00 aA-169428 bCen Lib/Ret aDPLbEN a010bKAW aKawatra, P. S. aFundamentals of documentation /cby P. S. Kawatra aNew DelhibSterling Publishersc1983 aL-10, Green Park ExtensionbNew Delhie110016 axii,173p.c21cm(Hb) aIncludes appendix and index aLibrary Science aInformation and Documentation